[Event "ESP-ch U14 Rapid"]
[Site "Salobrena"]
[Date "2022.07.24"]
[Round "9"]
[White "Colloridi, Dominic"]
[Black "Bethencourt Hernandez, Alberto"]
[Result "0-1"]
[WhiteElo "1394"]
[BlackElo "1370"]
[PlyCount "94"]
[EventDate "2022.07.23"]
[EventType "swiss (rapid)"]
[EventRounds "9"]
[EventCountry "ESP"]
[SourceTitle "EXT 2023"]
[Source "ChessBase"]
[SourceDate "2022.10.05"]
[SourceVersion "1"]
[SourceVersionDate "2022.10.05"]
[SourceQuality "1"]

1. c4 Nf6 2. Nc3 g6 3. g3 Bg7 4. Bg2 0-0 5. Nf3 c6 6. d4 d6 7. 0-0 Qa5 8. e4 Qh5 9. Ng5 Bg4 10. f3 Bd7 11. g4 Qh4 12. Qe1 Qxe1 13. Rxe1 h6 14. Nh3 e5 15. d5 cxd5 16. exd5 g5 17. Nf2 Na6 18. Nfe4 Ne8 19. Be3 Nb4 20. Re2 b6 21. a3 Nd3 22. Rd2 Nf4 23. Bxf4 exf4 24. Rc1 Rc8 25. b3 f5 26. Nf2 fxg4 27. fxg4 Nf6 28. h3 Rfe8 29. Nfe4 Nxe4 30. Nxe4 Be5 31. Bf3 a5 32. Kg2 Rc7 33. Rdc2 Rec8 34. Be2 Re8 35. Kf3 Kf7 36. Bd3 Kg7 37. b4 axb4 38. axb4 Ra8 39. Nf2 Ra3 40. c5 bxc5 41. bxc5 Bb5 42. Rd1 Ba4 43. cxd6 Rxc2 44. Ke4 Bxd6 45. Bxc2 Bxc2+ 46. Kd4 Bxd1 47. Nxd1 Rxh3 0-1

[Event "ESP-ch U14 Rapid"]
[Site "Salobrena"]
[Date "2022.07.24"]
[Round "7"]
[White "Colloridi, Dominic"]
[Black "Martin Cabeza, Nicolas"]
[Result "0-1"]
[WhiteElo "1394"]
[BlackElo "1609"]
[PlyCount "46"]
[EventDate "2022.07.23"]
[EventType "swiss (rapid)"]
[EventRounds "9"]
[EventCountry "ESP"]
[SourceTitle "EXT 2023"]
[Source "ChessBase"]
[SourceDate "2022.10.05"]
[SourceVersion "1"]
[SourceVersionDate "2022.10.05"]
[SourceQuality "1"]

1. c4 g6 2. Nc3 Bg7 3. g3 Nf6 4. Bg2 0-0 5. e3 d6 6. Nge2 e5 7. 0-0 c6 8. d4 Re8 9. Re1 e4 10. d5 c5 11. Qc2 Bf5 12. Rb1 a5 13. a3 Nbd7 14. Nb5 Ne5 15. Rf1 Qd7 16. b4 axb4 17. axb4 b6 18. bxc5 bxc5 19. Bb2 Nd3 20. Qd2 Ra2 21. Nbc3 Ra5 22. Nxe4 Nxe4 23. Bxg7 Nxd2 0-1

[Event "ESP-ch U14 Rapid"]
[Site "Salobrena"]
[Date "2022.07.24"]
[Round "5"]
[White "Colloridi, Dominic"]
[Black "Menendez Perez, Miguel"]
[Result "1-0"]
[WhiteElo "1394"]
[BlackElo "1456"]
[PlyCount "151"]
[EventDate "2022.07.23"]
[EventType "swiss (rapid)"]
[EventRounds "9"]
[EventCountry "ESP"]
[SourceTitle "EXT 2023"]
[Source "ChessBase"]
[SourceDate "2022.10.05"]
[SourceVersion "1"]
[SourceVersionDate "2022.10.05"]
[SourceQuality "1"]

1. c4 e5 2. Nc3 Nf6 3. g3 d5 4. cxd5 Nxd5 5. Bg2 Nb6 6. d3 Nc6 7. Nf3 Be6 8. Be3 f6 9. 0-0 Be7 10. a3 a5 11. Na4 Nxa4 12. Qxa4 0-0 13. Rac1 Bd5 14. Qb5 Qd6 15. Bc5 Qe6 16. e4 Bb3 17. Bxe7 Nxe7 18. Rxc7 a4 19. Nd2 Rfd8 20. Nxb3 axb3 21. Rxb7 Rac8 22. Qxb3 Qxb3 23. Rxb3 Nc6 24. Rc3 Nd4 25. Rxc8 Rxc8 26. Rb1 Rb8 27. Bh3 Nf3+ 28. Kg2 Nd4 29. b3 Kf7 30. b4 Ra8 31. Ra1 Nc2 32. Ra2 Nxb4 33. Rb2 Nxd3 34. Rb7+ Kf8 35. Bf5 g6 36. Bg4 Rxa3 37. Rb8+ Ke7 38. Rb7+ Kd8 39. Rxh7 Nc5 40. Bf3 Nd3 41. Rh8+ Ke7 42. Be2 Nc5 43. f3 Ra2 44. Kf2 Ne6 45. Ke3 Ra3+ 46. Kd2 Nd4 47. Rh7+ Kd6 48. Bd1 Ra2+ 49. Kc1 Ra8 50. Rb7 Rh8 51. h4 f5 52. Rb6+ Kc5 53. Rxg6 fxe4 54. fxe4 Rc8 55. Kd2 Kb5 56. Rg5 Kb4 57. Rxe5 Rd8 58. Ke3 Nc6 59. Rd5 Rg8 60. g4 Na5 61. g5 Nc4+ 62. Kf4 Nb6 63. Rd6 Kc5 64. Rf6 Rd8 65. Bf3 Nd7 66. Rf5+ Kd6 67. Rd5+ Kc6 68. Bg4 Rf8+ 69. Rf5 Re8 70. h5 Nf8 71. h6 Ng6+ 72. Ke3 Kc7 73. Rf7+ Kb8 74. h7 Rh8 75. Bf5 Nh4 76. Rg7 1-0

[Event "ESP-ch U14"]
[Site "Salobrena"]
[Date "2022.07.23"]
[Round "9"]
[White "Pleschke, Julius Jonas"]
[Black "Colloridi, Dominic"]
[Result "1/2-1/2"]
[WhiteElo "1685"]
[BlackElo "1794"]
[PlyCount "118"]
[EventDate "2022.07.18"]
[EventType "swiss"]
[EventRounds "9"]
[EventCountry "ESP"]
[SourceTitle "EXT 2023"]
[Source "ChessBase"]
[SourceDate "2022.10.05"]
[SourceVersion "1"]
[SourceVersionDate "2022.10.05"]
[SourceQuality "1"]

1. e4 c5 2. Nf3 g6 3. d4 cxd4 4. Nxd4 Nc6 5. c4 Nf6 6. Nc3 d6 7. Be2 Nxd4 8. Qxd4 Bg7 9. 0-0 0-0 10. Qd3 Be6 11. Be3 a5 12. b3 Nd7 13. Bd4 Nc5 14. Qd2 Qb6 15. Bxg7 Kxg7 16. Rab1 Rac8 17. Kh1 Nd7 18. Qg5 f6 19. Qg3 Qc5 20. f4 Bf7 21. Rbd1 h6 22. Bg4 Rcd8 23. Nd5 Rfe8 24. Ne3 Kh7 25. Be2 Rg8 26. Bd3 e6 27. Bb1 e5 28. Nd5 Bxd5 29. Rxd5 Qc7 30. h3 Rgf8 31. f5 g5 32. Rfd1 Nb6 33. R5d2 a4 34. Qf3 Rf7 35. Qc3 Qc5 36. Qg3 Nc8 37. Qg4 Rg7 38. Rd5 Qc6 39. c5 axb3 40. axb3 b6 41. b4 Rdd7 42. Qh5 Rg8 43. Ba2 Rgg7 44. Qe8 Qa4 45. R5d2 Qc6 46. b5 Qc7 47. c6 Rde7 48. Qh5 Na7 49. Bc4 Nc8 50. Ra1 g4 51. hxg4 Rg5 52. Qh3 Reg7 53. Be2 Qf7 54. Bf3 Qc4 55. g3 Qc3 56. Qxh6+ Kg8 57. Ra8 Qxf3+ 58. Kh2 Qxg4 59. Rxc8+ Kf7 1/2-1/2

[Event "ESP-ch U14 Rapid"]
[Site "Salobrena"]
[Date "2022.07.23"]
[Round "4"]
[White "Sanz Gorospe, Ibai"]
[Black "Colloridi, Dominic"]
[Result "1/2-1/2"]
[WhiteElo "1652"]
[BlackElo "1394"]
[PlyCount "129"]
[EventDate "2022.07.23"]
[EventType "swiss (rapid)"]
[EventRounds "9"]
[EventCountry "ESP"]
[SourceTitle "EXT 2023"]
[Source "ChessBase"]
[SourceDate "2022.10.05"]
[SourceVersion "1"]
[SourceVersionDate "2022.10.05"]
[SourceQuality "1"]

1. e4 c5 2. Nc3 g6 3. Nge2 Bg7 4. d4 cxd4 5. Nxd4 Nc6 6. Nde2 Nf6 7. g3 d6 8. Bg2 0-0 9. 0-0 Bd7 10. Nd5 a6 11. a4 Rc8 12. h3 Nxd5 13. exd5 Ne5 14. Ra2 b5 15. axb5 Bxb5 16. b3 Qb6 17. c4 Be8 18. Be3 Qb7 19. Nd4 Nd7 20. Qd2 Nc5 21. b4 Bxd4 22. Bxd4 Nb3 23. Qc3 Nxd4 24. Qxd4 Qxb4 25. Rxa6 Qxc4 26. Qxc4 Rxc4 27. Ra7 e6 28. dxe6 fxe6 29. Re7 Bf7 30. Ra1 d5 31. Rd7 h5 32. Raa7 Rc1+ 33. Kh2 Rc2 34. Kg1 Kg7 35. g4 hxg4 36. hxg4 g5 37. Bf3 Rc4 38. Kf1 Rf4 39. Be2 Rb8 40. Bd3 Rb2 41. Be2 Rb1+ 42. Kg2 Rb2 43. Kf1 e5 44. Rxd5 Rb1+ 45. Kg2 Rb2 46. Rxe5 Kf6 47. Re3 Bd5+ 48. Kg3 Rb1 49. Ra6+ Kf7 50. f3 Rb2 51. Ra7+ Kf6 52. Ra5 Rd2 53. Bd3 Bxf3 54. Ra6+ Kg7 55. Rg6+ Kf7 56. Rxg5 Rxg4+ 57. Rxg4 Bxg4 58. Kxg4 Rg2+ 59. Kf4 Rf2+ 60. Ke5 Rg2 61. Bf5 Rb2 62. Ra3 Rb5+ 63. Kf4 Rb6 64. Kg5 Ke7 65. Ra5 1/2-1/2

[Event "ESP-ch U14"]
[Site "Salobrena"]
[Date "2022.07.21"]
[Round "6"]
[White "Colloridi, Dominic"]
[Black "Povshednyi, Ivan"]
[Result "0-1"]
[WhiteElo "1794"]
[BlackElo "2134"]
[PlyCount "126"]
[EventDate "2022.07.18"]
[EventType "swiss"]
[EventRounds "9"]
[EventCountry "ESP"]
[SourceTitle "EXT 2023"]
[Source "ChessBase"]
[SourceDate "2022.10.05"]
[SourceVersion "1"]
[SourceVersionDate "2022.10.05"]
[SourceQuality "1"]

1. e4 c5 2. Nf3 d6 3. d4 cxd4 4. Nxd4 Nf6 5. Nc3 a6 6. Bg5 e6 7. Qd2 h6 8. Be3 Ng4 9. 0-0-0 Nxe3 10. Qxe3 Nc6 11. f4 Be7 12. g4 Qb6 13. Nf5 Qxe3+ 14. Nxe3 g5 15. f5 Ne5 16. Be2 Bd7 17. Nc4 Nxc4 18. Bxc4 Rc8 19. Bb3 Rc5 20. Rhf1 Re5 21. Rd4 Bc6 22. a3 h5 23. gxh5 Rxh5 24. fxe6 fxe6 25. Rf2 Rh4 26. Re2 Kd7 27. Bc4 Bd8 28. b4 b5 29. Bb3 Bb6 30. Rd1 Ke7 31. Rde1 Bd4 32. Kd2 Bxc3+ 33. Kxc3 Rexe4 34. Rxe4 Bxe4 35. Re2 d5 36. a4 Kd6 37. axb5 axb5 38. Kd2 Bf5 39. Rg2 g4 40. c3 Rh3 41. Bc2 Ke5 42. Rf2 Bxc2 43. Kxc2 Rf3 44. Re2+ Kf5 45. Kd2 e5 46. Kc2 e4 47. Kd2 Kf4 48. Rg2 e3+ 49. Ke2 Rh3 50. Kd3 e2+ 51. Kxe2 Rxc3 52. Kd1 Rb3 53. Rd2 Rxb4 54. Rxd5 Rb2 55. Ke1 b4 56. Rd4+ Kf3 57. Rd3+ Ke4 58. Rg3 Kf4 59. Kd1 Rxh2 60. Rb3 g3 61. Ke1 Rh1+ 62. Ke2 g2 63. Rxb4+ Ke5 0-1

[Event "Casabermeja op"]
[Site "Casabermeja"]
[Date "2021.09.10"]
[Round "2"]
[White "Colloridi, Dominic"]
[Black "Molina Souponitskaia, Alexander"]
[Result "1-0"]
[WhiteElo "1519"]
[BlackElo "1603"]
[PlyCount "137"]
[EventDate "2021.09.09"]
[EventType "swiss"]
[EventRounds "7"]
[EventCountry "ESP"]
[SourceTitle "CBM 204 Extra"]
[Source "ChessBase"]
[SourceDate "2021.11.30"]
[SourceVersion "1"]
[SourceVersionDate "2021.11.30"]
[SourceQuality "1"]

1. c4 c5 2. Nc3 Nf6 3. Nf3 g6 4. g3 Nc6 5. Bg2 Bg7 6. d4 cxd4 7. Nxd4 0-0 8. Nc2 d6 9. 0-0 Be6 10. b3 Nd7 11. Bb2 Qa5 12. Qd2 Rab8 13. Rfd1 Nb4 14. Nxb4 Qxb4 15. Nd5 Qc5 16. Nxe7+ Kh8 17. Bxg7+ Kxg7 18. Nd5 Ne5 19. Qd4 f6 20. Nf4 Bg8 21. Qxd6 Qa5 22. Qd2 Qb6 23. Nd5 Qc5 24. Qb4 Qc8 25. Qa5 Bxd5 26. Qxd5 Qf5 27. f4 Rfd8 28. Qe4 Qxe4 29. Bxe4 Nc6 30. Rd5 f5 31. Bg2 Nd4 32. Rxd8 Rxd8 33. Kf2 Re8 34. Bf3 Re7 35. Rd1 Nc2 36. Rd8 Nb4 37. Rb8 b6 38. a3 Nc2 39. a4 Nb4 40. Rb7 Kf6 41. Rxe7 Kxe7 42. Ke3 Kd6 43. Kd2 a5 44. e4 fxe4 45. Bxe4 Ke6 46. g4 Na6 47. Bd5+ Kf6 48. Kc3 g5 49. f5 Ke5 50. Bb7 Nc5 51. Bc6 Na6 52. Bb5 Nc5 53. b4 Ne4+ 54. Kb3 Nf6 55. c5 bxc5 56. bxa5 Kd6 57. a6 Kc7 58. Kc4 Kb6 59. a5+ Ka7 60. h3 h5 61. gxh5 Nxh5 62. Kd5 g4 63. hxg4 Nf6+ 64. Ke6 Nxg4 65. f6 Nxf6 66. Kxf6 Kb8 67. Ke6 Kc7 68. Kd5 c4 69. Bxc4 1-0

[Event "ESP-ch U14"]
[Site "Salobrena"]
[Date "2021.07.16"]
[Round "7"]
[White "Colloridi, Dominic"]
[Black "Serrano Ruiz, Miguel"]
[Result "1/2-1/2"]
[WhiteElo "1494"]
[BlackElo "1711"]
[PlyCount "157"]
[EventDate "2021.07.12"]
[EventType "swiss"]
[EventRounds "9"]
[EventCountry "ESP"]
[SourceTitle "EXT 2022"]
[Source "ChessBase"]
[SourceDate "2021.10.06"]
[SourceVersion "1"]
[SourceVersionDate "2021.10.06"]
[SourceQuality "1"]

1. c4 e6 2. Nf3 Nf6 3. g3 d5 4. Bg2 Be7 5. 0-0 0-0 6. d4 dxc4 7. Ne5 Nd5 8. Nxc4 Bd7 9. e4 Nb6 10. Na5 Bc6 11. Qd3 Bb4 12. Nxc6 Nxc6 13. d5 exd5 14. exd5 Ne5 15. Qe4 Bd6 16. Nc3 Re8 17. Qc2 Ng6 18. b3 Ne7 19. Bb2 Rb8 20. Rad1 a6 21. Rd3 Nd7 22. Rfd1 Ne5 23. R3d2 N7g6 24. a3 Qd7 25. Ne4 Rbd8 26. Qc3 f6 27. Nxd6 Qxd6 28. b4 b5 29. Re2 Nc4 30. Rde1 Qd7 31. Bh3 Qxh3 32. Rxe8+ Rxe8 33. Rxe8+ Kf7 34. Re2 Nge5 35. f4 Qg4 36. Rf2 Ng6 37. Qc2 Ne7 38. Qe2 Qxe2 39. Rxe2 Nxd5 40. Kf2 Ndb6 41. Bc1 Nd5 42. Bb2 Ndb6 43. Bd4 a5 44. bxa5 Nxa5 45. Bxb6 cxb6 46. Rb2 Nc4 47. Rxb5 Nxa3 48. Rxb6 Nc4 49. Rc6 Na5 50. Ra6 Nc4 51. Ke2 Ke7 52. Kd3 Nd6 53. Ra7+ Kf8 54. g4 h6 55. h4 Kg8 56. Rd7 Nb5 57. g5 hxg5 58. fxg5 fxg5 59. hxg5 Kh7 60. Ke4 Kg6 61. Kf4 Nc3 62. Rd6+ Kh7 63. Kf5 Ne2 64. Rd2 Ng3+ 65. Kg4 Ne4 66. Rd8 Kg6 67. Rd5 Nf2+ 68. Kg3 Ne4+ 69. Kf4 Nf2 70. Rd6+ Kh5 71. g6 Nh3+ 72. Kf5 Nf2 73. Rd8 Ng4 74. Rd6 Ne3+ 75. Ke4 Ng4 76. Kf4 Nh6 77. Re6 Ng8 78. Rc6 Ne7 79. Ke4 1/2-1/2

[Event "ESP-ch U14"]
[Site "Salobrena"]
[Date "2021.07.14"]
[Round "5"]
[White "Colloridi, Dominic"]
[Black "Arce Gonzalez, Dario"]
[Result "1/2-1/2"]
[WhiteElo "1494"]
[BlackElo "1740"]
[PlyCount "103"]
[EventDate "2021.07.12"]
[EventType "swiss"]
[EventRounds "9"]
[EventCountry "ESP"]
[SourceTitle "EXT 2022"]
[Source "ChessBase"]
[SourceDate "2021.10.06"]
[SourceVersion "1"]
[SourceVersionDate "2021.10.06"]
[SourceQuality "1"]

1. c4 e6 2. Nf3 d5 3. g3 Nf6 4. Bg2 Be7 5. d4 0-0 6. 0-0 c6 7. Nc3 Nbd7 8. Re1 b6 9. Nd2 Bb7 10. e4 dxe4 11. Ndxe4 Nxe4 12. Nxe4 Nf6 13. Nxf6+ Bxf6 14. Be3 Qe7 15. Qc2 Rfd8 16. Red1 Rac8 17. c5 Rd7 18. Rd2 Rcd8 19. Rad1 bxc5 20. dxc5 Rxd2 21. Rxd2 Rxd2 22. Qxd2 Qc7 23. b3 g6 24. Qd6 Be5 25. Qxc7 Bxc7 26. Bd4 e5 27. Bc3 Kf8 28. Kf1 Ke7 29. Ke2 f5 30. h4 Ba6+ 31. Ke3 e4 32. g4 Ke6 33. gxf5+ gxf5 34. f3 exf3 35. Bxf3 Bb7 36. h5 Bd8 37. b4 a6 38. a4 Bg5+ 39. Kd3 Be7 40. Bd4 Kd7 41. Be5 Ke6 42. Kd4 Bf8 43. Bf4 Bg7+ 44. Kd3 Bf8 45. Bg2 Be7 46. Be3 Kd7 47. b5 axb5 48. axb5 Kc7 49. Bf4+ Kd7 50. Be3 Kc7 51. Bh3 cxb5 52. Bxf5 1/2-1/2